ਅੰਬਰ ਚਾਨਣੇ (Record no. 1430973)

MARC details
000 -LEADER
fixed length control field 00870nam a22002297a 4500
005 - DATE AND TIME OF LATEST TRANSACTION
control field 20250528155208.0
008 - FIXED-LENGTH DATA ELEMENTS--GENERAL INFORMATION
fixed length control field 250523b |||||||| |||| 00| 0 eng d
020 ## - INTERNATIONAL STANDARD BOOK NUMBER
International Standard Book Number 978-81-19857-28-9 (pbk)
037 ## - SOURCE OF ACQUISITION
Terms of availability TB
040 ## - CATALOGING SOURCE
Original cataloging agency CRL
Transcribing agency CRL
041 ## - LANGUAGE CODE
Source of code PUN
Language code of text/sound track or separate title PUN
084 ## - COLON CLASSIFICATION NUMBER
Classification number O1,6x 153R4
Assigning agency CRL
100 ## - MAIN ENTRY--PERSONAL NAME
Personal name ਢੀਗਰਾ, ਪਰਮਜੀਤ
9 (RLIN) 810469
245 ## - TITLE STATEMENT
Title ਅੰਬਰ ਚਾਨਣੇ
260 ## - PUBLICATION, DISTRIBUTION, ETC.
Place of publication, distribution, etc. ਪਟਿਆਲਾ, ਭਾਰਤ:
Name of publisher, distributor, etc. ਔਟਉਮੰ ਆਰਟ,
Date of publication, distribution, etc. 2024.
300 ## - PHYSICAL DESCRIPTION
Extent Vol. 1.(1-203 ਪ).
-- Vol 2. ((1-154 ਪ.)
365 ## - TRADE PRICE
Price amount 425.00
Currency code INR
440 ## - SERIES STATEMENT/ADDED ENTRY--TITLE
Volume/sequential designation Vol. 1-2
650 ## - SUBJECT ADDED ENTRY--TOPICAL TERM
Source of heading or term ਵਿਸਵ ਸਾਹਿਤ
942 ## - ADDED ENTRY ELEMENTS (KOHA)
Source of classification or shelving scheme Colon Classification (CC)
Koha item type Textbook
Classification part O1,6x 153R4.1-.2
Suppress in OPAC No
Holdings
Withdrawn status Lost status Source of classification or shelving scheme Damaged status Not for loan Home library Current library Date acquired Source of acquisition Cost, normal purchase price Serial Enumeration / chronology Inventory number Total Checkouts Full call number Barcode Date last seen Price effective from Koha item type
    Colon Classification (CC)     Central Library Central Library 2025-05-23 Star Publications Pvt. Ltd. 425.00 Vol. 1 SP/6560 & 05/03/2025   O1,6x 153R4.1 CL1923222 2025-05-23 2025-05-23 Textbook
    Colon Classification (CC)     Central Library Central Library 2025-05-23 Star Publications Pvt. Ltd. 425.00 Vol. 2 SP/6560 & 05/03/2025   O1,6x 153R4.2 CL1923223 2025-05-28 2025-05-23 Textbook
Copyright @ Delhi University Library System